000 002660000a22000970004500
100 1 _aRoldán, Alberto F.
245 1 0 _aJesucristo : Señor de la cultura
300 _aVol. 19, Num 1 y 2 (Enero-Junio, 2000), Páginas 63-66
773 0 _tIglesia y Misión
942 _cANA
999 _c52441
_d52441